000 00554cam a2200205 a 4500
020 _a9158670084 (pbk.)
040 _cDLC
082 0 0 _a628 SID 1980 C153 Or.
100 1 _aWinblad, Uno.
245 1 0 _aSanitation without water /
250 _aRev. ed.
260 _a[Filipstad, Sweden] :
_bU. Winblad ;
_aStockholm :
_bSIDA [distributor],
_c1980.
300 _avi, 133 p. :
_bill. ;
_c21 cm.
500 _aIncludes index.
650 0 _aOuthouses
650 0 _aSanitation, Household
650 0 _aCompost
700 1 _aKilama, Wen.
942 _cAEDBB
999 _c18847
_d18847